| 000 -LEADER |
| fixed length control field |
00958nam a2200289Ia 4500 |
| 001 - CONTROL NUMBER |
| control field |
16394 |
| 003 - CONTROL NUMBER IDENTIFIER |
| control field |
GE_BSU |
| 008 - FIXED-LENGTH DATA ELEMENTS--GENERAL INFORMATION |
| fixed length control field |
181216s||||||||xx |||||||||||||| ||und|| |
| 020 ## - INTERNATIONAL STANDARD BOOK NUMBER |
| International Standard Book Number |
9789941389 |
| 040 ## - CATALOGING SOURCE |
| Transcribing agency |
GE_BSU |
| 080 ## - UNIVERSAL DECIMAL CLASSIFICATION NUMBER |
| Universal Decimal Classification number |
811.161.1'367.355(042.4) |
| 100 ## - MAIN ENTRY--PERSONAL NAME |
| Personal name |
Ахвледиани мераб, |
| 245 ## - TITLE STATEMENT |
| Title |
Синтакис:Сложное предложение |
| 245 ## - TITLE STATEMENT |
| Remainder of title |
Учеб.пособ. для студ. вузов : Курс лекций |
| 245 ## - TITLE STATEMENT |
| Statement of responsibility, etc. |
Ред:Марина Арошидзе |
| 260 ## - PUBLICATION, DISTRIBUTION, ETC. |
| Place of publication, distribution, etc. |
Батуми |
| 260 ## - PUBLICATION, DISTRIBUTION, ETC. |
| Name of publisher, distributor, etc. |
Батумс.госуд.университет |
| 260 ## - PUBLICATION, DISTRIBUTION, ETC. |
| Date of publication, distribution, etc. |
2013. |
| 300 ## - PHYSICAL DESCRIPTION |
| Extent |
163стр,20см |
| 300 ## - PHYSICAL DESCRIPTION |
| Other physical details |
библиог.стр: 158-159 |
| 653 ## - INDEX TERM--UNCONTROLLED |
| Uncontrolled term |
Русский Язык |
| 653 ## - INDEX TERM--UNCONTROLLED |
| Uncontrolled term |
Синтакис:Сложное предложение |
| 653 ## - INDEX TERM--UNCONTROLLED |
| Uncontrolled term |
რუსული ენა :გრამატიკა |
| 653 ## - INDEX TERM--UNCONTROLLED |
| Uncontrolled term |
სინტაქსი |
| 942 ## - ADDED ENTRY ELEMENTS (KOHA) |
| Koha item type |
წიგნი |